000 00489nam a2200133 a 4500
008 120416s1964 ||||||||||||||||| || u
050 _aNA 707 Hoa
100 _aHoag, Edwin
245 1 0 _aAmerican houses
246 _acolonial classic and contemporary
260 _aPhiladelphia
_bJ. B. Lippincott Company
_c1964
350 _a0.00
995 _D0.00
_FCBU-MAIN LIBRARY (Kitwe)
_H1
_I18.95
_M1
_UAVAILABLE
_ZMain Library Open Access Collection
999 _c34159
_d34159